Olympics medal table - Volleyball - Statistics

General Stats
  • This quiz has been taken 47 times
  • The average score is 11 of 16
Answer Stats
Total Gold Silver Bronze Nation % Correct
11 4 3 4 United States
95%
11 5 4 2 Brazil
93%
2 0 2 0 East Germany
84%
6 0 3 3 Italy
84%
6 1 3 2 Russia
84%
9 3 3 3 Japan
80%
3 1 0 2 Poland
75%
12 7 4 1 Soviet Union
75%
2 0 0 2 Argentina
70%
2 1 1 0 Netherlands
70%
6 3 1 2 China
66%
2 1 0 1 Yugoslavia
52%
2 0 1 1 Serbia
50%
5 3 0 2 Cuba
48%
2 0 1 1 Czechoslovakia
43%
2 0 1 1 Bulgaria
34%
No matching quizzes found
Score Distribution
Percent of People with Each Score
Percentile by Number Answered
Your Score History
You have not taken this quiz